| 000 | 00654nam a22002057a 4500 | ||
|---|---|---|---|
| 008 | 101129t xxu||||| |||| 00| 0 eng d | ||
| 020 | _a2-257-82903-4 | ||
| 040 |
_aBUAC _cSDINJS |
||
| 041 | _aFR | ||
| 082 | _a614.88 (075) VIE | ||
| 100 |
_aVIEUX, Norbert .- _911699 |
||
| 245 | _aManuel de secourisme | ||
| 260 |
_aParis: _bFlammarion Médecine-Sciences, _c1980 .- |
||
| 300 |
_a382 p.: ill., index; _c21 cm .- |
||
| 440 |
_a(Collection des manuels d'enseignement de la Croix-Rouge Française) .- _911700 |
||
| 650 |
_aSecourisme: premiers secours _911701 |
||
| 700 |
_aJOLIS, Pierre _911702 |
||
| 700 |
_aGENTILS, René _911703 |
||
| 942 | _cLIVR | ||
| 999 |
_c48403 _d48403 |
||